000 003470000a22001570004500
040 _aHin
365 _b10/-
650 _aGayatri
005 20120302063848.0
942 _cBOOK
100 _a Sharma,Shriram
245 _a Gayatri mahavidnyan (Bhag-3)
250 _a 24th
260 _aMathura:Akhanda-Jyoti Prakashan
300 _a284p..-ill
999 _c360662
_d360659